|
|
|
|
| LEADER |
00000nab a2200000 a 4500 |
| 001 |
vtls000388927 |
| 003 |
SK-MaSNL |
| 005 |
20260303191827.0 |
| 008 |
230120c1990 xo 0 slo |
| 015 |
|
|
|a SNBRB19rr/mm-uuuuu
|
| 035 |
|
|
|a CL0389051
|
| 035 |
|
|
|a urn:nbn:sk:snk-ab6lc9
|
| 035 |
|
|
|a (uuid)5b9f4c0b-0f10-4d9b-8b87-46d56c6426f8
|
| 035 |
|
|
|a (urnnbn)urn:nbn:sk:snk:ar-005g8q
|
| 035 |
|
|
|a (sysno)vtls000388927
|
| 040 |
|
|
|a SNKBUCL
|b slo
|c SNKBUCL
|e AACR2
|
| 041 |
0 |
|
|a slo
|
| 044 |
|
|
|a xo
|c SK
|
| 080 |
|
|
|a 616-001-051
|2 1981
|
| 080 |
|
|
|a 929 Bauer, Ján
|2 1981
|
| 100 |
1 |
|
|a Krivosudský
|4 aut
|9 1221651
|
| 245 |
1 |
0 |
|a K sedemdesiatinám primára MuDr. Jána Bauera
|c Krivosudský ; Ján Bauer
|
| 300 |
|
|
|b Obr. 1.
|
| 600 |
1 |
7 |
|a Bauer, Ján,
|d 1920-1999
|2 snkbucl
|9 233454
|
| 650 |
0 |
7 |
|a Bauer, Ján
|2 snkbucl
|9 936527
|
| 655 |
|
7 |
|a články z novín a časopisov
|2 snkbucl
|9 267496
|
| 773 |
0 |
|
|t Lekársky obzor
|g Roč. 39, č. 6 (1990), s. 361-362
|
| 850 |
|
|
|a Slovenská národná knižnica v Martine
|a MTA001
|
| 852 |
|
|
|a SNK
|b KIS3GCP
|
| 954 |
|
|
|a odborná, vedecká literatúra pôvodná (slovenská)
|2 lita
|
| 958 |
|
|
|a OND
|
| 958 |
|
|
|a BX
|
| 958 |
|
|
|a RK
|
| 958 |
|
|
|a MI
|
| 958 |
|
|
|a EUIPO
|
| 958 |
|
|
|a article2022
|
| 992 |
|
|
|a RBX
|
| 999 |
|
|
|c 2143113
|d 2145043
|